Les villes desservies par au moins 4 aéroports - Statistiques

Statistiques générales
  • Ce quiz a été pris 147 fois
  • Le résultat moyen est 10 sur 19
Statistiques - réponses
Hint Réponse % Correct
Amérique Etats-Unis 6 aéroports La Guardia New York
98%
Europe Royaume-Uni 6 aéroports Luton Londres
80%
Europe France 4 aéroports Le Bourget Paris
80%
Europe Russie 4 aéroports Domodedovo Moscou
78%
Asie Japon 4 aéroports Narita Tokyo
73%
Amérique Brésil 4 aéroports Campo de Marte Sao Paulo
71%
Europe Suède 4 aéroports Arlanda Stockholm
71%
Amérique Canada 6 aéroports Boundary Bay Vancouver
71%
Amérique Canada 4 aéroports Pearson Toronto
64%
Océanie Australie 4 aéroports Essendon Melbourne
58%
Amérique Mexique 4 aéroports Felipe Angeles Mexico
56%
Amérique Etats-Unis 5 aéroports Ontario Los Angeles
47%
Amérique Etats-Unis 4 aéroports Fort Lauderdale–Hollywood Miami
46%
Amérique Etats-Unis 4 aéroports Oakland San Francisco
42%
Amérique Etats-Unis 4 aéroports Logan Boston
28%
Amérique Etats-Unis 4 aéroports Boeing Field Seattle
25%
Amérique Etats-Unis 4 aéroports Falcon Field Phoenix
13%
Asie Chine 5 aéroports Wanzhou-Wuqiao Chongqing
7%
Amérique Etats-Unis 4 aéroports Ronald Reagan Baltimore
6%
Aucun quiz correspondant
Distribution des résultats
% des personnes avec chaque résultat
Percentile par nombre de réponses
Votre historique - résultats
Vous n’avez pas pris ce quiz